[Event "Unterfranken-ch M2 56th"]
[Site "Stetten"]
[Date "2005.04.01"]
[Round "8"]
[White "Mader, Heiko"]
[Black "Brauner, Lucas"]
[Result "0-1"]
[WhiteElo "1885"]
[BlackElo "1915"]
[PlyCount "96"]
[EventDate "2005.03.28"]
[EventType "swiss"]
[EventRounds "9"]
[EventCountry "GER"]
[SourceTitle "EXT 2015"]
[Source "ChessBase"]
[SourceDate "2014.11.20"]
[SourceVersion "1"]
[SourceVersionDate "2014.11.20"]
[SourceQuality "1"]

1. d4 Nf6 2. Nf3 e6 3. e3 b6 4. Bd3 Bb7 5. Nbd2 c5 6. c3 Nc6 7. 0-0 Be7 8. e4 cxd4 9. cxd4 Nb4 10. Bb1 Ba6 11. Re1 Nd3 12. Bxd3 Bxd3 13. e5 Nd5 14. Ne4 Bxe4 15. Rxe4 Qc7 16. Bd2 Rc8 17. Rc1 Qb7 18. Rxc8+ Qxc8 19. Rg4 g6 20. Bh6 Kd8 21. Nd2 Kc7 22. Ne4 Kb7 23. Bg5 Bf8 24. Rg3 Qc6 25. a3 h6 26. Bf6 Rg8 27. b4 Nxb4 28. Qb1 Qc2 29. Qe1 Nd3 30. Qf1 Nf4 31. Re3 Nd5 32. Re2 Qd3 33. Nc5+ Bxc5 34. dxc5 Nxf6 35. exf6 Rc8 36. cxb6 axb6 37. Re3 Qxf1+ 38. Kxf1 d5 39. Ke2 Kc6 40. Rc3+ Kd7 41. Rb3 Rc6 42. f4 Kd6 43. g4 e5 44. Kf3 Ke6 45. g5 hxg5 46. fxg5 Kf5 47. h4 Rd6 48. Rc3 d4 0-1

[Event "Unterfranken-ch M2 56th"]
[Site "Stetten"]
[Date "2005.03.31"]
[Round "7"]
[White "Brauner, Lucas"]
[Black "Hofmann, Andreas"]
[Result "1-0"]
[WhiteElo "1915"]
[BlackElo "1745"]
[PlyCount "47"]
[EventDate "2005.03.28"]
[EventType "swiss"]
[EventRounds "9"]
[EventCountry "GER"]
[SourceTitle "EXT 2015"]
[Source "ChessBase"]
[SourceDate "2014.11.20"]
[SourceVersion "1"]
[SourceVersionDate "2014.11.20"]
[SourceQuality "1"]

1. c4 b6 2. Nf3 Bb7 3. g3 Bxf3 4. exf3 c5 5. Bg2 Nc6 6. 0-0 Nf6 7. f4 Rc8 8. Nc3 g6 9. Ne2 Qc7 10. b3 Bg7 11. Bb2 Nh5 12. d4 cxd4 13. Qd2 d3 14. Nc1 Bxb2 15. Qxb2 0-0 16. Nxd3 Ng7 17. Rad1 d6 18. Rfe1 Rfe8 19. Re2 Red8 20. Ne1 Nb8 21. Nc2 Ne6 22. Ne3 Nc5 23. Nd5 Qd7 24. Rxe7 1-0

[Event "Unterfranken-ch M2 56th"]
[Site "Stetten"]
[Date "2005.03.29"]
[Round "3"]
[White "Brauner, Lucas"]
[Black "Nahler, Michael"]
[Result "1-0"]
[WhiteElo "1915"]
[BlackElo "1714"]
[PlyCount "72"]
[EventDate "2005.03.28"]
[EventType "swiss"]
[EventRounds "9"]
[EventCountry "GER"]
[SourceTitle "EXT 2015"]
[Source "ChessBase"]
[SourceDate "2014.11.20"]
[SourceVersion "1"]
[SourceVersionDate "2014.11.20"]
[SourceQuality "1"]

1. c4 e5 2. Nc3 Nf6 3. g3 Bb4 4. Bg2 0-0 5. Nf3 Nc6 6. 0-0 e4 7. Ng5 Bxc3 8. dxc3 Re8 9. Qc2 Qe7 10. Nh3 h6 11. Nf4 Qe5 12. Rd1 d6 13. Nd5 Nxd5 14. cxd5 Nb8 15. Bf4 Qe7 16. Rd4 Bf5 17. a4 Nd7 18. a5 a6 19. b4 Nf6 20. c4 Bh7 21. Be3 Ng4 22. Qd2 Qe5 23. Rd1 f5 24. Bh3 Nf6 25. Bf4 Qe7 26. c5 g5 27. Be3 dxc5 28. bxc5 Nd7 29. d6 cxd6 30. Rxd6 Ne5 31. Qd5+ Kf8 32. Qd4 Bg8 33. Rxh6 Nc6 34. Qh8 Qg7 35. Rf6+ Qxf6 36. Qxf6+ Bf7 1-0

[Event "Unterfranken-ch M2 53th"]
[Site "Wuerzburg"]
[Date "2002.??.??"]
[Round "6"]
[White "Brauner, Lucas"]
[Black "Kuhn, Christian"]
[Result "1/2-1/2"]
[WhiteElo "1928"]
[BlackElo "1823"]
[PlyCount "29"]
[EventDate "2002.04.01"]
[EventType "swiss"]
[EventRounds "9"]
[EventCountry "GER"]
[SourceTitle "EXT 2015"]
[Source "ChessBase"]
[SourceDate "2014.11.20"]
[SourceVersion "1"]
[SourceVersionDate "2014.11.20"]
[SourceQuality "1"]

1. c4 e5 2. Nc3 Nf6 3. g3 d5 4. cxd5 Nxd5 5. Bg2 c6 6. Nf3 f6 7. Qb3 Na6 8. 0-0 Nc5 9. Qc4 Be6 10. Qh4 g5 11. Qh5+ Bf7 12. Qg4 Be6 13. Qh5+ Bf7 14. Qg4 Be6 15. Qh5+ 1/2-1/2

[Event "Unterfranken-ch M2 53th"]
[Site "Wuerzburg"]
[Date "2002.??.??"]
[Round "5"]
[White "Krenz, Dieter"]
[Black "Brauner, Lucas"]
[Result "1-0"]
[WhiteElo "1885"]
[BlackElo "1928"]
[PlyCount "112"]
[EventDate "2002.04.01"]
[EventType "swiss"]
[EventRounds "9"]
[EventCountry "GER"]
[SourceTitle "EXT 2015"]
[Source "ChessBase"]
[SourceDate "2014.11.20"]
[SourceVersion "1"]
[SourceVersionDate "2014.11.20"]
[SourceQuality "1"]

1. d4 Nf6 2. Nf3 e6 3. Bg5 Be7 4. e3 d5 5. Nbd2 0-0 6. Bd3 c5 7. c3 Qb6 8. Qb1 h6 9. Bh4 Nc6 10. Ne5 Nd7 11. Bxe7 Nxe7 12. f4 Nxe5 13. fxe5 f5 14. 0-0 Bd7 15. a4 a6 16. a5 Qa7 17. Nf3 c4 18. Bc2 b6 19. Qe1 bxa5 20. Rxa5 Rab8 21. Ra2 Rb7 22. Qh4 Be8 23. Rfa1 Rb6 24. Bd1 Bf7 25. Qf2 Ra8 26. Nh4 Kh7 27. g4 g6 28. Kh1 Qb7 29. gxf5 Nxf5 30. Nxf5 exf5 31. Bf3 Qe7 32. Ra5 Rab8 33. R1a2 Qg5 34. h4 Qd8 35. Rxa6 Rxa6 36. Rxa6 Ra8 37. Rd6 Qb8 38. Rd7 Kg8 39. Rxf7 Kxf7 40. Bxd5+ Ke7 41. Bxa8 Qxa8+ 42. Qg2 Qxg2+ 43. Kxg2 Ke6 44. Kf3 g5 45. h5 Ke7 46. d5 Ke8 47. e4 f4 48. Kg4 Kd8 49. e6 Ke8 50. d6 Kf8 51. e7+ Kf7 52. e5 f3 53. Kxf3 Ke8 54. Ke4 g4 55. Kf4 Kd7 56. Kxg4 Ke8 1-0

[Event "Unterfranken-ch M2 53th"]
[Site "Wuerzburg"]
[Date "2002.??.??"]
[Round "9"]
[White "Unkelbach, Manfred"]
[Black "Brauner, Lucas"]
[Result "0-1"]
[WhiteElo "1901"]
[BlackElo "1928"]
[PlyCount "110"]
[EventDate "2002.04.01"]
[EventType "swiss"]
[EventRounds "9"]
[EventCountry "GER"]
[SourceTitle "EXT 2015"]
[Source "ChessBase"]
[SourceDate "2014.11.20"]
[SourceVersion "1"]
[SourceVersionDate "2014.11.20"]
[SourceQuality "1"]

1. d4 g6 2. Nf3 Bg7 3. e4 d6 4. c3 Nd7 5. Bc4 Nh6 6. 0-0 0-0 7. Re1 Kh8 8. Nbd2 e5 9. dxe5 dxe5 10. Nf1 Qe7 11. Qc2 f6 12. Bd2 Nf7 13. Rad1 Nd6 14. Bb3 Nc5 15. Ng3 a5 16. a3 Nxb3 17. Qxb3 Be6 18. Qc2 a4 19. Rc1 Bb3 20. Qb1 Nc4 21. Nf1 Rfd8 22. Re2 Rd7 23. Ne3 c6 24. Nxc4 Bxc4 25. Ree1 Rad8 26. Be3 c5 27. Rcd1 b6 28. Rxd7 Qxd7 29. Qc1 Qd3 30. Nd2 Bb3 31. Nf1 Kg8 32. Qd2 Kf7 33. Re2 Ke6 34. Qxd3 Rxd3 35. Rd2 Rxd2 36. Nxd2 Ba2 37. f3 Kd7 38. Kf2 Kc6 39. Ke2 Be6 40. c4 b5 41. cxb5+ Kxb5 42. Kd3 Bf8 43. Kc3 Bd6 44. b3 axb3 45. Nxb3 Bxb3 46. Kxb3 c4+ 47. Ka2 Ka4 48. Bc1 Bc5 49. h3 Bd4 50. f4 f5 51. exf5 e4 52. fxg6 hxg6 53. g4 e3 54. Kb1 Kb3 55. f5 c3 0-1

[Event "Unterfranken-ch M1 50th"]
[Site "Koenigshofen"]
[Date "1999.??.??"]
[Round "9"]
[White "Brauner, Lucas"]
[Black "Halbich, Anton"]
[Result "1/2-1/2"]
[WhiteElo "1875"]
[BlackElo "2015"]
[PlyCount "90"]
[EventDate "1999.04.05"]
[EventType "swiss"]
[EventRounds "9"]
[EventCountry "GER"]
[SourceTitle "EXT 2004"]
[Source "ChessBase"]
[SourceDate "2003.11.25"]
[SourceVersion "1"]
[SourceVersionDate "2003.11.25"]
[SourceQuality "1"]

1. d4 d5 2. c4 c6 3. Nc3 e6 4. e3 Nf6 5. Nf3 Nbd7 6. Bd3 dxc4 7. Bxc4 b5 8. Bb3 Bb7 9. 0-0 a6 10. a3 c5 11. dxc5 Nxc5 12. Bc2 Qxd1 13. Bxd1 Be7 14. b4 Ncd7 15. Bb2 Nb6 16. Ne5 0-0 17. Bb3 Rac8 18. Rfd1 Nbd5 19. Nxd5 Bxd5 20. Bxd5 Nxd5 21. Rac1 Bf6 22. Bd4 Bxe5 23. Bxe5 Nb6 24. Rxc8 Rxc8 25. Bb2 Nc4 26. Bc1 Kf8 27. Kf1 Ke7 28. Ke2 f6 29. e4 Nd6 30. Kd3 Rd8 31. Ke3 Rc8 32. Kd3 Nc4 33. Ke2 Ne5 34. Be3 Rc2+ 35. Rd2 Rxd2+ 36. Bxd2 Nc4 37. Bc1 e5 38. h3 g6 39. Kd3 f5 40. f4 exf4 41. exf5 gxf5 42. Kd4 Ne3 43. Bxe3 fxe3 44. Kxe3 Ke6 45. Kf4 Kf6 1/2-1/2

[Event "Regionalliga NW 9899"]
[Site "Bayern"]
[Date "1999.??.??"]
[Round "4.6"]
[White "Brauner, Lucas"]
[Black "Wambach, Juergen"]
[Result "1-0"]
[WhiteElo "1880"]
[BlackElo "2000"]
[PlyCount "123"]
[EventDate "1998.??.??"]
[EventType "team-tourn"]
[EventRounds "9"]
[EventCountry "GER"]
[SourceTitle "EXT 2020"]
[Source "ChessBase"]
[SourceDate "2019.10.17"]
[SourceVersion "1"]
[SourceVersionDate "2019.10.17"]
[SourceQuality "1"]
[WhiteTeam "Bad Neustadt"]
[BlackTeam "Klingenberg"]
[WhiteTeamCountry "GER"]
[BlackTeamCountry "GER"]

1. c4 c6 2. Nc3 d5 3. cxd5 cxd5 4. d4 Nf6 5. Bf4 Nc6 6. e3 Bf5 7. Nf3 e6 8. Rc1 Be7 9. Be2 Ne4 10. 0-0 0-0 11. Nxe4 Bxe4 12. Ne5 Nxe5 13. Bxe5 Rc8 14. Qa4 a6 15. b4 f6 16. Bg3 Kf7 17. f3 Bf5 18. Kf2 Qb6 19. a3 Rfd8 20. Rfd1 h5 21. h3 g5 22. Bh2 h4 23. Re1 Kf8 24. Red1 Kf7 25. Rh1 Kf8 26. Qb3 Bd6 27. Bxd6+ Qxd6 28. Rhd1 Qd7 29. Rc5 b6 30. Rc3 Rxc3 31. Qxc3 Rc8 32. Qb2 Rc2 33. Qb3 Qc6 34. Ke1 b5 35. Rd2 Rc3 36. Qb2 Rxe3 37. Rd1 Qc3+ 38. Qxc3 Rxc3 39. Ra1 Ke7 40. a4 Bd3 41. Kd2 Bxe2 42. Kxc3 bxa4 43. Rxa4 e5 44. Ra1 Ke6 45. Kd2 Bc4 46. Ke3 f5 47. Re1 e4 48. f4 Kf6 49. Rg1 Kg6 50. g4 gxf4+ 51. Kxf4 fxg4 52. Rxg4+ Kh5 53. Rg5+ Kh6 54. Re5 Bf1 55. Kg4 Bc4 56. Kxh4 Kg6 57. Kg4 Kf6 58. h4 Kg6 59. h5+ Kh6 60. Re6+ Kg7 61. Kg5 Bb5 62. Re7+ 1-0

[Event "Unterfranken-ch M1 50th"]
[Site "Koenigshofen"]
[Date "1999.??.??"]
[Round "5"]
[White "Hofstetter, Hans Joachim"]
[Black "Brauner, Lucas"]
[Result "1-0"]
[WhiteElo "2155"]
[BlackElo "1875"]
[PlyCount "59"]
[EventDate "1999.04.05"]
[EventType "swiss"]
[EventRounds "9"]
[EventCountry "GER"]
[SourceTitle "EXT 2004"]
[Source "ChessBase"]
[SourceDate "2003.11.25"]
[SourceVersion "1"]
[SourceVersionDate "2003.11.25"]
[SourceQuality "1"]

1. e4 c5 2. Nf3 d6 3. c3 Nf6 4. Be2 Bd7 5. d3 Nc6 6. Bg5 Qb6 7. Na3 Na5 8. Rb1 c4 9. Nd2 cxd3 10. Bxd3 Ng4 11. Bh4 Ne5 12. Be2 h5 13. h3 d5 14. b4 Nac4 15. Naxc4 dxc4 16. 0-0 g5 17. Bg3 Bg7 18. Bxe5 Bxe5 19. Nxc4 Qf6 20. Nxe5 Qxe5 21. Qd4 Qxd4 22. cxd4 g4 23. h4 0-0-0 24. Rbc1+ Kb8 25. Bc4 f5 26. exf5 Bxf5 27. d5 e6 28. dxe6 Rhe8 29. Rfe1 Rd6 30. Re5 1-0

[Event "Regionalliga NW 9899"]
[Site "Bayern"]
[Date "1998.??.??"]
[Round "3.6"]
[White "Vogt, Thomas"]
[Black "Brauner, Lucas"]
[Result "1-0"]
[WhiteElo "2376"]
[BlackElo "1880"]
[PlyCount "51"]
[EventDate "1998.??.??"]
[EventType "team-tourn"]
[EventRounds "9"]
[EventCountry "GER"]
[SourceTitle "EXT 2020"]
[Source "ChessBase"]
[SourceDate "2019.10.17"]
[SourceVersion "1"]
[SourceVersionDate "2019.10.17"]
[SourceQuality "1"]
[WhiteTeam "Wuerzburg II"]
[BlackTeam "Bad Neustadt"]
[WhiteTeamCountry "GER"]
[BlackTeamCountry "GER"]

1. e4 c5 2. Nf3 d6 3. d4 cxd4 4. Nxd4 Nf6 5. Nc3 e6 6. Be2 Be7 7. 0-0 0-0 8. Be3 a6 9. f4 Qc7 10. Qe1 b5 11. a3 Bb7 12. Bf3 Nbd7 13. Rd1 Nb6 14. Bc1 Rac8 15. Rd3 Rfd8 16. Kh1 d5 17. e5 Nfd7 18. Qg3 Nc5 19. Rdd1 Ne4 20. Bxe4 dxe4 21. f5 Rxd4 22. Rxd4 Rd8 23. Rxd8+ Qxd8 24. f6 Bf8 25. fxg7 Be7 26. Qf2 1-0